000
00312cam a2200157ua 4500
001
1238
008
191009n II |||gr||||Z||||||asm
040
_a
MAIN
041
_a
English
082
_a
891.453 TAK
100
_a
TAKI, TANGA.
245
_a
ADI SADHU
300
_c
18CM.
653
_a
Galpa
942
_c
BK
999
_c
1237
_d
1237